[Event "13th Goodricke"]
[Site "Calcutta IND"]
[Date "2002.03.25"]
[Round "9"]
[White "Visweswaran,K"]
[Black "Abdulla,Al"]
[Result "1-0"]
[WhiteElo "2310"]
[BlackElo "2432"]
[EventDate "2002.03.17"]

1. e4 c6 2. Nc3 d5 3. Nf3 Bg4 4. h3 Bxf3 5. Qxf3 e6 6. d3 Bb4 7. Bd2 d4 8.
Nb1 Qb6 9. b3 Nd7 10. g3 a5 11. a3 Be7 12. Bg2 Ngf6 13. O-O O-O 14. Qe2 a4
15. b4 c5 16. Qe1 Rfc8 17. Ra2 e5 18. c4 dxc3 19. Bxc3 h5 20. Kh1 h4 21. g4
g5 22. Qe2 Nh7 23. Rb2 Qe6 24. Qe3 Qf6 25. Nd2 Nhf8 26. Nc4 b5 27. Nd2 Ne6
28. Nf3 cxb4 29. Bxb4 Bxb4 30. Rxb4 Rc3 31. Rxb5 Rxa3 32. Rd5 Rd8 33. Qc1
Qe7 34. d4 Rd3 35. dxe5 Ndc5 36. Qc4 a3 37. Ra1 Kg7 38. Kh2 Kg6 39. Qc2 Kh6
40. Qc4 Qc7 41. Ra2 f6 42. Qc1 R8xd5 43. exd5 Rxd5 44. Rxa3 fxe5 45. Nxh4
e4+ 46. Kh1 Qf4 47. Qxf4 gxf4 48. Nf5+ Kg5 49. Ra1 f3 50. Bf1 Rd2 51. Kg1
Nf4 52. Ra5 Ne2+ 53. Kh2 Rc2 54. Ne3 Rc1 55. Ra2 Nc3 56. Rd2 Nb3 57. Rd6
Ne2 58. Rd5+ Kg6 59. h4 Nc5 60. h5+ Kh6 61. Rd6+ Kg5 62. Rd5+ Kh6 63. Rd6+
Kg5 64. Bh3 Nd3 65. Rd5+ Kh4 66. Nf5+ Kg5 67. Ng3+ Kh4 68. Nf5+ Kg5 69.
Ne3+ Kh4 70. h6 Nef4 71. h7 Rc8 72. Nf5+ Kg5 73. Ne7+ 1-0

[Event "13th Goodricke"]
[Site "Calcutta IND"]
[Date "2002.03.25"]
[Round "9"]
[White "Hossain,Enam"]
[Black "Swathi,G"]
[Result "1-0"]
[WhiteElo "2426"]
[BlackElo "2362"]
[EventDate "2002.03.17"]

1. e4 e5 2. f4 exf4 3. Nf3 h6 4. b3 Be7 5. Bc4 Bf6 6. e5 Bh4+ 7. Kf1 d5 8.
exd6 Bf6 9. Qe2+ Kf8 10. Ne5 Bxe5 11. Qxe5 c6 12. Bb2 Nf6 13. Qxf4 Nbd7 14.
Nc3 b5 15. Be2 Bb7 16. Bf3 a6 17. Re1 Nc5 18. Re7 Rb8 19. Ne4 Ne6 20. Rxe6
fxe6 21. Nxf6 1-0

[Event "13th Goodricke"]
[Site "Calcutta IND"]
[Date "2002.03.25"]
[Round "9"]
[White "Konguvel,P"]
[Black "Roy Chowdhury,S"]
[Result "1/2-1/2"]
[WhiteElo "2404"]
[BlackElo "2358"]
[EventDate "2002.03.17"]

1. e4 c5 2. Nf3 Nc6 3. d4 cxd4 4. Nxd4 g6 5. c4 Bg7 6. Be3 Nf6 7. Nc3 O-O
8. Be2 b6 9. O-O Bb7 10. Rc1 Nxd4 11. Bxd4 Bh6 12. e5 Bxc1 13. Qxc1 Ne8 14.
f4 e6 15. Bf3 Bxf3 16. Rxf3 f5 17. exf6 Nxf6 18. Qe1 Rf7 19. Nb5 Ne8 20. b3
d6 21. Qxe6 Qe7 22. Qd5 Qb7 23. Qe6 Qe7 24. Qd5 Qb7 25. Qe6 1/2-1/2

[Event "13th Goodricke"]
[Site "Calcutta IND"]
[Date "2002.03.25"]
[Round "9"]
[White "Sangma,R"]
[Black "Dhar,S"]
[Result "1/2-1/2"]
[WhiteElo "2180"]
[BlackElo "2193"]
[EventDate "2002.03.17"]

1. e4 e6 2. d4 d5 3. exd5 exd5 4. Nf3 Bd6 5. Bd3 Ne7 6. O-O Bg4 7. c3 Nbc6
8. h3 Bh5 9. Re1 Qd7 10. a4 f6 11. a5 a6 12. Nbd2 O-O 13. Qc2 Bg6 14. b4
Bxd3 15. Qxd3 Ng6 16. Nb3 Rae8 17. Bd2 Nd8 18. Rxe8 Rxe8 19. Re1 c6 20. Kf1
Rxe1+ 21. Nxe1 Qe6 1/2-1/2

[Event "13th Goodricke"]
[Site "Calcutta IND"]
[Date "2002.03.26"]
[Round "10"]
[White "Sulskis,S"]
[Black "Ghaem Maghami,E"]
[Result "1/2-1/2"]
[WhiteElo "2579"]
[BlackElo "2513"]
[EventDate "2002.03.17"]

1. Nf3 c5 2. e4 e6 3. c3 Nf6 4. e5 Nd5 5. d4 cxd4 6. cxd4 b6 7. Nc3 Nxc3 8.
bxc3 Qc7 9. Bd2 Bb7 10. Bd3 d6 1/2-1/2

[Event "13th Goodricke"]
[Site "Calcutta IND"]
[Date "2002.03.26"]
[Round "10"]
[White "Sandipan,C"]
[Black "Kuzmin,A"]
[Result "0-1"]
[WhiteElo "2452"]
[BlackElo "2568"]
[EventDate "2002.03.17"]

1. e4 e5 2. Nf3 Nc6 3. Bb5 a6 4. Ba4 Nf6 5. O-O Be7 6. Re1 d6 7. c3 Bg4 8.
h3 Bh5 9. d3 Qd7 10. Nbd2 g5 11. Nf1 g4 12. hxg4 Bxg4 13. Ne3 Rg8 14. b4
Nh5 15. b5 Nd8 16. b6 c6 17. d4 Nf4 18. dxe5 Bh5 19. Nd5 Nxg2 20. Nc7+ Qxc7
21. bxc7 Nxe1+ 22. Kf1 Nxf3 23. cxd8=R+ Rxd8 24. Bxc6+ bxc6 25. Qa4 Rg1+
26. Ke2 Re1+ 27. Kd3 dxe5+ 28. Kc4 0-1

[Event "13th Goodricke"]
[Site "Calcutta IND"]
[Date "2002.03.26"]
[Round "10"]
[White "Yogesh,G"]
[Black "Gleizerov,E"]
[Result "0-1"]
[WhiteElo "2333"]
[BlackElo "2587"]
[EventDate "2002.03.17"]

1. Nf3 e6 2. g3 f5 3. Bg2 Nf6 4. c4 d5 5. O-O Bd6 6. b3 O-O 7. Bb2 c6 8.
Nc3 Qe7 9. d3 Nbd7 10. Qc2 f4 11. e4 fxe3 12. fxe3 Ng4 13. Qe2 Ndf6 14. e4
dxc4 15. e5 cxd3 16. Qxd3 Nxe5 17. Nxe5 Bxe5 18. Rae1 Rd8 19. Qc2 Bd4+ 20.
Kh1 Bd7 21. Rf4 Be8 22. Nd5 Nxd5 23. Rxd4 Bg6 24. Be4 Bxe4+ 25. Rdxe4 Qf7
26. Qe2 Rf8 27. Kg2 Qg6 28. Kg1 Rf7 29. Rxe6 Qf5 30. Re5 Qf3 31. Qd2 h6 32.
Ba3 Rf6 33. Qc2 Qg4 34. R5e4 Qf5 35. Qe2 Kh7 36. Bb2 Rf7 37. Re5 Qg6 38.
Re4 Rd8 39. Kh1 Qf5 40. Kg1 Rd6 41. h4 Rg6 42. Be5 Nc3 43. Qg2 Nxe4 0-1

[Event "13th Goodricke"]
[Site "Calcutta IND"]
[Date "2002.03.26"]
[Round "10"]
[White "Al Sayed,Mohamad"]
[Black "Ravi,L"]
[Result "0-1"]
[WhiteElo "2413"]
[BlackElo "2395"]
[EventDate "2002.03.17"]

1. e4 c5 2. Nf3 d6 3. d4 cxd4 4. Nxd4 Nf6 5. Nc3 a6 6. f4 e5 7. Nf3 Nbd7 8.
a4 Be7 9. Bd3 O-O 10. O-O Nc5 11. Qe2 exf4 12. Bxf4 Bg4 13. Kh1 Bh5 14. Bc4
Re8 15. b4 Ncd7 16. Qd3 Rc8 17. Bb3 Qb6 18. Rab1 Bf8 19. Nh4 Ng4 20. Bg3
Nde5 21. Nd5 Qd8 22. Qd4 Nc6 23. Qd3 Ne7 24. Nf4 Ne5 25. Qd2 Bg4 26. h3 Bd7
27. Rbd1 Kh8 28. Nf3 N7c6 29. Nxe5 Nxe5 30. a5 Nc4 31. Qd4 Bb5 32. Nd5 Qg5
33. Bf4 Qh5 34. Rfe1 Na3 35. Rd2 Bc4 36. Nb6 Bxb3 37. cxb3 Nc2 38. Qf2 Nxe1
39. Nxc8 Nxg2 40. Kxg2 Rxc8 41. Bg3 Re8 42. Qf5 Qxf5 43. exf5 Rc8 44. Rd3
Kg8 45. Kf3 f6 46. Ke4 Kf7 47. Kd5 g6 48. Ke4 Be7 49. Be1 Rc2 50. Bg3 Rc6
51. Be1 Ke8 52. h4 Rc1 53. Bf2 Rf1 54. fxg6 hxg6 55. Bb6 f5+ 56. Kd5 Rh1
57. Bf2 Kd7 58. Bg3 Rh3 0-1

[Event "13th Goodricke"]
[Site "Calcutta IND"]
[Date "2002.03.26"]
[Round "10"]
[White "Sharma,D"]
[Black "Saravanan,V"]
[Result "1-0"]
[WhiteElo "2380"]
[BlackElo "2393"]
[EventDate "2002.03.17"]

1. e4 c5 2. Nf3 d6 3. d4 cxd4 4. Nxd4 Nf6 5. Nc3 a6 6. Be2 g6 7. Bg5 Bg7 8.
Qd2 Nc6 9. Nb3 O-O 10. h4 b5 11. a3 Re8 12. h5 Be6 13. hxg6 fxg6 14. f4 Rc8
15. Bf3 Bf7 16. g4 e5 17. f5 Nd4 18. Bd1 d5 19. Qh2 Nxb3 20. cxb3 dxe4 21.
Nxe4 h5 22. gxh5 gxf5 23. h6 fxe4 24. hxg7 Bg6 25. Qh6 e3 26. O-O e2 27.
Bxe2 Rc6 28. Bxf6 1-0

[Event "13th Goodricke"]
[Site "Calcutta IND"]
[Date "2002.03.26"]
[Round "10"]
[White "Suvrajit,S"]
[Black "Visweswaran,K"]
[Result "1/2-1/2"]
[WhiteElo "2346"]
[BlackElo "2310"]
[EventDate "2002.03.17"]

1. d4 Nf6 2. c4 g6 3. Nc3 Bg7 4. e4 d6 5. Be2 Na6 6. Bf4 O-O 7. Qd2 Re8 8.
Nf3 c6 9. O-O Bg4 10. h3 Bxf3 11. Bxf3 e5 12. Be3 exd4 13. Bxd4 Qc7 14.
Rad1 Rad8 15. Qf4 Re6 16. Bg4 Nxg4 17. hxg4 Rde8 18. Bxg7 Kxg7 19. Rd4 Qb6
20. Qd2 Nc5 21. Re1 a5 22. Re3 Kg8 23. Rxd6 Rxd6 24. Qxd6 Rd8 25. Qf6 Rd7
26. b3 Qb4 27. e5 a4 28. Nxa4 Nxa4 29. e6 Rd1+ 30. Kh2 Qd6+ 31. g3 fxe6 32.
bxa4 e5 33. Qxd6 Rxd6 34. Rxe5 Rd2 35. Kg2 Rxa2 36. Ra5 Rc2 37. c5 Rc4 38.
Kf3 Kf7 39. Ra7 Rb4 40. a5 Ke6 41. a6 bxa6 42. Rxa6 Kd5 43. Ra7 Rb3+ 44.
Ke2 Rb2+ 45. Ke3 Rb3+ 46. Kf4 h6 47. Rh7 g5+ 48. Kf5 Rf3+ 49. Kg6 Rxf2 50.
Rxh6 Kxc5 51. Rh1 Kd4 52. Rd1+ Ke5 1/2-1/2

[Event "13th Goodricke"]
[Site "Calcutta IND"]
[Date "2002.03.26"]
[Round "10"]
[White "Mohota,N"]
[Black "Hossain,Enam"]
[Result "0-1"]
[WhiteElo "2257"]
[BlackElo "2426"]
[EventDate "2002.03.17"]

1. d4 Nf6 2. c4 c5 3. d5 b5 4. cxb5 a6 5. bxa6 g6 6. Nc3 Bxa6 7. f4 Bg7 8.
Nf3 d6 9. e4 Bxf1 10. Rxf1 O-O 11. e5 dxe5 12. fxe5 Nfd7 13. Qe2 e6 14. Bg5
Qb6 15. Rd1 exd5 16. Nxd5 Qa6 17. a3 Nxe5 18. Nxe5 Qxe2+ 19. Kxe2 Bxe5 20.
Nf6+ Kg7 21. Ng4 Re8 22. Bh6+ Kg8 23. Nxe5 Rxe5+ 24. Kf3 Nc6 25. Bf4 Re6
26. g3 Ne5+ 27. Bxe5 Rxe5 28. Rfe1 Rf5+ 29. Kg2 Rb8 30. Re2 c4 31. Rc1 Rfb5
32. Rcc2 Rb3 33. Kf2 Kg7 34. Ke1 c3 35. bxc3 Rxa3 36. Re3 Rc8 37. Kd2 Ra4
38. Rb2 Rc7 39. Rd3 Rac4 40. Rb4 R4c6 41. Kc2 h5 42. Kb3 Ra7 43. c4 Rca6
44. c5 Ra2 45. Rc3 Rxh2 46. c6 Rha2 47. Kc4 Rc7 48. Kc5 Raa7 49. Kd6 g5 50.
Rcb3 Rc8 51. Rb7 Ra6 52. Rc3 Kg6 53. Kd7 Raa8 54. c7 Kf5 55. Rb5+ Kg6 56.
Rcb3 h4 57. gxh4 gxh4 58. Rb6+ Kg5 59. R3b4 f5 60. Rc6 h3 61. Rc3 Rh8 62.
Rg3+ Kf6 63. Rb6+ Ke5 64. Rg1 h2 65. Re1+ Kf4 66. Rb3 h1=Q 67. Rxh1 Rxh1
68. Rc3 Rh7+ 69. Kc6 Rc8 0-1

[Event "13th Goodricke"]
[Site "Calcutta IND"]
[Date "2002.03.26"]
[Round "10"]
[White "Palit,S"]
[Black "Ramaswamy,A"]
[Result "1/2-1/2"]
[WhiteElo "2257"]
[BlackElo "2320"]
[EventDate "2002.03.17"]

1. e4 c5 2. Nf3 Nc6 3. b3 d6 4. d4 cxd4 5. Nxd4 Nf6 6. Nxc6 bxc6 7. Bd3 g6
8. O-O Bg7 9. Bb2 O-O 10. c4 e5 11. Nc3 d5 12. cxd5 cxd5 13. Ba3 Re8 14.
Bb5 Bd7 15. Bxd7 Qxd7 16. Nxd5 Nxe4 17. Ne7+ Rxe7 18. Bxe7 Qxe7 19. Qd5 Rf8
20. Qxe4 f5 21. Qc4+ Kh8 22. Rac1 e4 23. Qc7 Qg5 24. Qxa7 f4 25. Qc5 Qh4
26. f3 e3 27. Qb5 Rf5 28. Qe8+ Bf8 29. Rc5 Rf6 30. Rc2 Kg7 31. Qe5 Bd6 32.
Qe4 Qg5 33. Rd1 Qa5 34. Qb7+ Kh8 35. Rc8+ Bf8 36. Qe7 Qf5 37. Re8 Kg8 38.
Qe4 Qc5 39. Qc4+ Qxc4 40. bxc4 Kf7 41. Re4 g5 42. a4 Bc5 43. Kf1 Rb6 44. a5
Rb2 45. Ra1 Rf2+ 46. Kg1 e2 47. Rxe2 Rxe2+ 48. Kh1 Re7 49. a6 Ba7 50. g3
Rc7 51. gxf4 gxf4 52. Ra4 Kf6 53. Kg2 Ke5 54. Kh3 Rg7 55. Rb4 Bc5 56. Rb5
Kd4 57. Ra5 h5 58. Kh4 Rg2 59. a7 Bxa7 60. Rxa7 Rxh2+ 61. Kg5 Kxc4 62. Kxf4
Kd5 63. Kf5 h4 64. Rd7+ Kc6 65. Rh7 Kd6 66. f4 Rh1 67. Kg4 Rg1+ 1/2-1/2

[Event "13th Goodricke"]
[Site "Calcutta IND"]
[Date "2002.03.26"]
[Round "10"]
[White "Swathi,G"]
[Black "Sangma,R"]
[Result "0-1"]
[WhiteElo "2362"]
[BlackElo "2180"]
[EventDate "2002.03.17"]

1. e4 d6 2. d4 Nf6 3. Nc3 g6 4. Be3 Bg7 5. Qd2 c6 6. f3 b5 7. Bd3 O-O 8. a4
b4 9. Nce2 a5 10. Bh6 e5 11. h4 c5 12. d5 Ne8 13. h5 Bxh6 14. Qxh6 g5 15.
Bb5 Qf6 16. Qxf6 Nxf6 17. h6 Kh8 18. Ng3 Ng8 19. N1e2 f5 20. exf5 Bxf5 21.
Nxf5 Rxf5 22. Ng3 Rf6 23. Ne4 Rg6 24. Rh5 Nf6 25. Nxf6 Rxf6 26. Ke2 Ra7 27.
Rxg5 Rxh6 28. f4 exf4 29. Kf3 Re7 30. Rf5 Kg7 31. Rxf4 Rh5 32. Rd1 Rhe5 33.
Kg3 h5 34. Kh4 Nd7 35. Rdf1 Rxd5 36. Bxd7 Rxd7 37. Rf5 Rxf5 38. Rxf5 d5 39.
Rxh5 c4 40. Rf5 d4 41. Rf2 0-1

[Event "13th Goodricke"]
[Site "Calcutta IND"]
[Date "2002.03.26"]
[Round "10"]
[White "Dhar,S"]
[Black "Girinath,P"]
[Result "1/2-1/2"]
[WhiteElo "2193"]
[BlackElo "2336"]
[EventDate "2002.03.17"]

1. e4 c5 2. Nf3 Nc6 3. d4 cxd4 4. Nxd4 Nf6 5. Nc3 d6 6. Be2 e5 7. Nf3 h6 8.
O-O Be7 9. Re1 O-O 10. h3 Be6 11. Bf1 Qd7 12. Nd5 Bd8 13. c4 Bxd5 14. exd5
Ne7 15. b3 Ba5 16. Bd2 Bc7 17. Bc3 Ng6 18. b4 Rfe8 19. Qb3 Nf4 20. Rad1 Qf5
21. Bb2 Rad8 22. g4 Qc8 1/2-1/2

[Event "13th Goodricke"]
[Site "Calcutta IND"]
[Date "2002.03.27"]
[Round "11"]
[White "Ghaem Maghami,E"]
[Black "Kotsur,P"]
[Result "1/2-1/2"]
[WhiteElo "2513"]
[BlackElo "2578"]
[EventDate "2002.03.17"]

1. c4 e6 2. Nf3 Nf6 3. g3 b6 4. Bg2 Bb7 5. O-O Be7 6. Nc3 O-O 7. d4 Ne4 8.
Qc2 Nxc3 9. Qxc3 d6 10. Rd1 Na6 11. b3 c5 12. Bb2 Bf6 13. Qd2 Nb4 14. a3
Nc6 15. b4 cxb4 16. axb4 a5 17. b5 Nb4 18. Ba3 Qc7 19. Rac1 Rfc8 20. Ne1
Be7 21. d5 exd5 22. cxd5 Qd7 23. Bxb4 axb4 24. Qxb4 Ra5 25. Rxc8+ Qxc8 26.
Nd3 Qc2 27. Qb1 Qa4 28. Qc1 Rxb5 29. Rf1 Bf8 30. Qc7 Ba6 31. Bf3 Qa2 32.
Kg2 Rb1 33. Rxb1 Qxb1 34. Qc3 Bxd3 35. Qxd3 Qb2 36. e3 b5 37. Bd1 b4 38.
Bb3 g6 39. Qc2 Qa1 40. Qd2 Qa5 41. Qa2 Qb6 42. Qa8 h5 43. h4 Kg7 44. Qc6
Qb8 45. Qd7 Kg8 46. g4 hxg4 47. Qxg4 Bg7 48. h5 gxh5 49. Qxh5 1/2-1/2

[Event "13th Goodricke"]
[Site "Calcutta IND"]
[Date "2002.03.27"]
[Round "11"]
[White "Sherbakov,R"]
[Black "Yegiazarian,A"]
[Result "1-0"]
[WhiteElo "2539"]
[BlackElo "2567"]
[EventDate "2002.03.17"]

1. d4 Nf6 2. c4 e6 3. Nc3 Bb4 4. e3 c5 5. Nge2 cxd4 6. exd4 d5 7. c5 Ne4 8.
Bd2 Nxd2 9. Qxd2 Qd7 10. a3 Ba5 11. g3 O-O 12. b4 Bd8 13. Bg2 b6 14. Rb1
Be7 15. O-O Qd8 16. Qe3 Nc6 17. Rfd1 Bd7 18. h4 Rc8 19. Rbc1 a6 20. Na4 b5
21. Nb6 Rc7 22. Nf4 Bf6 23. Nh5 Be7 24. Nf4 Re8 25. Re1 Bf8 26. Rcd1 Re7
27. Nh3 Be8 28. Ng5 h6 29. Nh3 Na7 30. h5 Bc6 31. Nf4 Re8 32. Bf1 Nc8 33.
Nxc8 Rxc8 34. Bd3 Be7 35. Nxe6 Qd7 36. Nf4 Bxc5 37. Qd2 Bxd4 38. Bb1 Be5
39. Qd3 f5 40. Qxf5 Qxf5 41. Bxf5 Bc3 42. Re6 d4 43. Rd6 Rc7 44. Ne6 Rf7
45. Bg6 Bf3 46. Rb1 Rfe7 47. Bxe8 Rxe8 48. Nxd4 Bxh5 49. Kg2 Re4 50. Ne6
Re2 51. Rd8+ Kf7 52. Nf4 1-0

[Event "13th Goodricke"]
[Site "Calcutta IND"]
[Date "2002.03.27"]
[Round "11"]
[White "Barua,D"]
[Black "Wong Zi Jing"]
[Result "1-0"]
[WhiteElo "2515"]
[BlackElo "2256"]
[EventDate "2002.03.17"]

1. e4 c5 2. Nf3 d6 3. d4 cxd4 4. Nxd4 Nf6 5. Nc3 a6 6. Be2 e5 7. Nb3 Be7 8.
O-O O-O 9. Kh1 Nc6 10. f4 b5 11. Bf3 Na5 12. Nxa5 Qxa5 13. a3 Bb7 14. Qe1
Rfe8 15. Bd2 Qc7 16. Qg3 Kh8 17. Rae1 Rac8 18. fxe5 dxe5 19. Be2 Nxe4 20.
Nxe4 Bxe4 21. Bc3 Qc6 22. Bg4 Rcd8 23. Rxf7 Bf6 24. Bf3 Bxf3 25. Qxf3 Qe6
26. Rc7 e4 27. Qe3 Bxc3 28. Qxc3 Qg6 29. h3 h5 30. Rc6 Rd6 31. Rc5 Rf6 32.
Qe3 Rf5 33. Rxf5 Qxf5 34. Kg1 Rc8 35. c3 Re8 36. Rf1 Qg6 37. Rf4 Kg8 38.
Kf2 Rf8 39. Rxf8+ Kxf8 40. Qf4+ Kg8 41. g4 hxg4 42. hxg4 Qe6 43. Ke3 Qb3
44. Qb8+ Kh7 45. Qh2+ Kg8 46. Qd2 Qe6 47. Qd8+ Kh7 48. Qh4+ Kg8 49. Qh5 g6
50. Qg5 Kg7 51. Qf4 Qb3 52. Qe5+ Kh6 53. Kf4 Qf7+ 54. Kxe4 Qb7+ 55. Kf4
Qf7+ 56. Ke3 Qa7+ 57. Kd3 Qd7+ 58. Qd4 Qc6 59. Qf4+ Kg7 60. g5 Qe6 61. a4
bxa4 62. c4 Qh3+ 63. Kd4 Qd7+ 64. Kc5 Qe7+ 65. Kc6 Qe6+ 1-0

[Event "13th Goodricke"]
[Site "Calcutta IND"]
[Date "2002.03.27"]
[Round "11"]
[White "Mahesh Chandran,P"]
[Black "Sandipan,C"]
[Result "1/2-1/2"]
[WhiteElo "2436"]
[BlackElo "2452"]
[EventDate "2002.03.17"]

1. e4 e5 2. Nf3 Nc6 3. Bb5 Nf6 4. O-O Nxe4 5. d4 Nd6 6. Bxc6 dxc6 7. dxe5
Nf5 8. Qxd8+ Kxd8 9. Nc3 Ke8 10. b3 Ne7 11. Re1 Nd5 12. Ne4 Nb4 13. Nd4 c5
14. Nb5 Kd7 15. Re2 Kc6 16. Nbc3 Be6 17. Ng5 Be7 18. a3 Nd5 19. Nce4 Rad8
20. Nxe6 fxe6 21. c4 Nb6 22. Bd2 Rd3 23. Re3 Rhd8 24. Rxd3 Rxd3 25. Bc3 Nd5
26. Bd2 Nb6 27. Rb1 Rd8 28. Kf1 Nd7 29. Bc3 a6 30. a4 Rb8 31. Ra1 b5 32. a5
Rf8 33. Ke2 h5 34. g3 g5 35. Rf1 b4 36. Bb2 Nb8 37. f4 gxf4 38. Rxf4 Rxf4
39. gxf4 Kd7 40. Kf3 Nc6 41. Nd2 Nxa5 42. Ke4 Bf8 43. Bc1 Be7 44. Kd3 Ke8
45. Kc2 Kf7 46. Ne4 Kg6 47. Be3 Kf5 48. Bxc5 Kxe4 49. Bxe7 Nc6 50. Bg5 Nd4+
51. Kb2 Ne2 52. Bd8 c6 53. Be7 a5 54. Bd8 Nxf4 55. Bxa5 c5 56. Kc2 Kxe5 57.
Bc7+ Ke4 58. Bd6 Nd3 59. Kd2 Kd4 60. Bg3 Ke4 61. Bd6 h4 62. h3 Nf4 63. Be7
Nxh3 64. Bxh4 Ke5 65. Ke3 Kd6 66. Bg3+ e5 67. Ke4 Ng5+ 68. Kf5 Nf3 69. Ke4
Nd2+ 70. Kf5 Kc6 71. Bxe5 Nxb3 72. Ke4 Kb6 73. Kd5 Na5 74. Bd6 Nb7 75. Be5
b3 76. Bb2 Na5 77. Ba3 Nb7 78. Bb2 Kc7 79. Ba3 Kd7 80. Bb2 Kc7 81. Ba3 Kb6
1/2-1/2

[Event "13th Goodricke"]
[Site "Calcutta IND"]
[Date "2002.03.27"]
[Round "11"]
[White "Hossain,Enam"]
[Black "Prakash,G"]
[Result "0-1"]
[WhiteElo "2426"]
[BlackElo "2451"]
[EventDate "2002.03.17"]

1. e4 c6 2. d4 d5 3. Nc3 dxe4 4. Nxe4 Bf5 5. Ng3 Bg6 6. h4 h6 7. Nf3 Nd7 8.
h5 Bh7 9. Bd3 Bxd3 10. Qxd3 Ngf6 11. Bf4 Qa5+ 12. Bd2 Qc7 13. O-O-O e6 14.
Ne4 O-O-O 15. g3 Nxe4 16. Qxe4 Bd6 17. Kb1 Kb8 18. c4 Nf6 19. Qe2 c5 20.
Bc3 Ka8 21. d5 Rhe8 22. Bxf6 gxf6 23. Rhe1 a6 24. Qe3 Bf8 25. Qe4 Ka7 26.
Qh7 Re7 27. Qh8 exd5 28. Qxf6 dxc4 29. Qc3 Rxe1 30. Rxe1 Rd3 31. Qf6 Qd7
32. Rc1 Rd1 33. Ne5 Qd2 0-1

[Event "13th Goodricke"]
[Site "Calcutta IND"]
[Date "2002.03.27"]
[Round "11"]
[White "Sundararajan,K"]
[Black "Shetty,R"]
[Result "0-1"]
[WhiteElo "2412"]
[BlackElo "2335"]
[EventDate "2002.03.17"]

1. d4 Nf6 2. c4 e6 3. Nc3 Bb4 4. e3 O-O 5. Bd3 d5 6. cxd5 exd5 7. Nge2 c6
8. O-O Re8 9. f3 c5 10. a3 cxd4 11. exd4 Be7 12. Bc2 Nbd7 13. Bf4 a6 14.
Qd3 Nb6 15. a4 g6 16. g4 Be6 17. Kh1 Nc4 18. b3 Na5 19. Ng3 Rc8 20. Na2 Nd7
21. Nf5 Bxf5 22. gxf5 Nf8 23. fxg6 hxg6 24. Be5 Nc6 25. f4 Bf6 26. Rf2 Bxe5
27. fxe5 Qh4 28. Qf3 Re7 29. Raf1 Nxd4 30. Qf6 Qxf6 31. exf6 Re3 32. Nb4
Rd8 33. Rd2 Nxc2 34. Nxd5 Kh7 35. Rfd1 Re1+ 36. Rxe1 Nxe1 37. Rd1 Nc2 38.
Rd3 g5 0-1

[Event "13th Goodricke"]
[Site "Calcutta IND"]
[Date "2002.03.27"]
[Round "11"]
[White "Visweswaran,K"]
[Black "Yogesh,G"]
[Result "1-0"]
[WhiteElo "2310"]
[BlackElo "2333"]
[EventDate "2002.03.17"]

1. e4 d6 2. d4 Nf6 3. Nc3 g6 4. f4 Bg7 5. Nf3 O-O 6. Be3 c5 7. dxc5 Qa5 8.
Bd3 dxc5 9. e5 Ng4 10. Bd2 Nc6 11. h4 Nh6 12. g4 Be6 13. Qe2 Rad8 14. f5
Bc8 15. Ne4 Qc7 16. f6 exf6 17. exf6 Bh8 18. O-O-O Rfe8 19. Bxh6 Be6 20.
Bc4 Nd4 21. Nxd4 cxd4 22. Bxe6 Rxe6 23. Rhe1 Qa5 24. Kb1 Qe5 25. Qf3 Rde8
26. Bd2 h6 27. Re2 Rb6 28. b3 Rc8 29. Bc1 a5 30. Bb2 Rd8 31. Red2 Bxf6 32.
Nxf6+ Rxf6 33. Qxb7 Rfd6 34. Qc7 Qe4 35. Qxa5 f5 36. gxf5 gxf5 37. Qb5 f4
38. Qd3 Qe3 39. Bxd4 1-0

[Event "13th Goodricke"]
[Site "Calcutta IND"]
[Date "2002.03.27"]
[Round "11"]
[White "Saravanan,V"]
[Black "Palit,S"]
[Result "1-0"]
[WhiteElo "2393"]
[BlackElo "2257"]
[EventDate "2002.03.17"]

1. e4 c5 2. Nf3 Nf6 3. e5 Nd5 4. Nc3 Nxc3 5. dxc3 e6 6. Bf4 Nc6 7. Qd2 h6
8. h4 b6 9. O-O-O Bb7 10. h5 Qc7 11. Bg3 Be7 12. Qf4 f5 13. Bb5 O-O-O 14.
Rhe1 Nb8 15. Kb1 Ba6 16. c4 Bb7 17. Ba4 Bc6 18. Bxc6 dxc6 19. Rd6 Bxd6 20.
exd6 Qb7 21. Bh4 Qf7 22. g4 Nd7 23. Bxd8 Rxd8 24. Nh4 Qf6 25. Ng6 e5 26.
Qxf5 Qxd6 27. Kc1 Qf6 28. Rxe5 Qxf5 29. Rxf5 Nf6 30. f3 Kd7 31. Re5 Re8 32.
Kd2 Rxe5 33. Nxe5+ Kd6 34. Ng6 b5 35. b3 bxc4 36. bxc4 Nd7 37. Ke3 Nb6 38.
Kd3 Na4 39. Nh4 Ke5 40. Nf5 Kf6 41. Nd6 Ke6 42. Ne4 Ke7 43. f4 Ke6 44. Ke3
Ke7 45. f5 Nb2 46. Nd2 Nd1+ 47. Kf4 Nc3 48. a3 Kf7 49. Ne4 Nb1 50. a4 Na3
51. Nxc5 Nxc2 52. Ne6 Kf6 53. g5+ hxg5+ 54. Nxg5 Na3 55. Ne4+ Ke7 56. c5
Nc4 57. Kg5 Ne5 58. Nd6 a6 59. a5 Nd3 60. Ne4 Kf7 61. h6 gxh6+ 62. Kxh6 Nc1
63. Kg5 Nb3 64. Nd6+ Kf8 65. Nb7 Kf7 66. f6 Nd2 67. Nd6+ Kf8 68. Kg6 Nb3
69. Ne4 Nd4 70. Ng5 Ke8 71. f7+ Ke7 72. Nh7 Ne6 73. f8=Q+ Nxf8+ 74. Nxf8
Kxf8 75. Kf6 Ke8 76. Ke6 Kd8 77. Kd6 Kc8 78. Kxc6 Kb8 79. Kb6 1-0

[Event "13th Goodricke"]
[Site "Calcutta IND"]
[Date "2002.03.27"]
[Round "11"]
[White "Roy Chowdhury,S"]
[Black "Sengupta,D"]
[Result "0-1"]
[WhiteElo "2358"]
[BlackElo "2292"]
[EventDate "2002.03.17"]

1. e4 e6 2. Nf3 d5 3. Nc3 Nf6 4. e5 Ne4 5. Ne2 Ng5 6. Nxg5 Qxg5 7. d4 Qd8
8. c3 c5 9. a3 Qb6 10. Ng1 Nc6 11. Nf3 c4 12. Be2 Bd7 13. O-O Na5 14. Nd2
Be7 15. Rb1 O-O-O 16. Nf3 f6 17. Bf4 Be8 18. Qd2 f5 19. Bg5 Bxg5 20. Qxg5
Rd7 21. Nd2 h6 22. Qe3 f4 23. Qxf4 Bg6 24. b4 cxb3 25. Rb2 Rc7 26. Qg3 Bh7
27. Bd1 Kb8 28. Re1 Rhc8 29. Re3 Nc4 30. Rxb3 Nxe3 31. Rxb6 Nf5 32. Qg4
axb6 33. h3 Rxc3 34. Ba4 Rxa3 35. Bd7 Rc1+ 36. Kh2 Raa1 37. g3 Rc2 38. Qf3
Rxd2 0-1

[Event "13th Goodricke"]
[Site "Calcutta IND"]
[Date "2002.03.27"]
[Round "11"]
[White "Sangma,R"]
[Black "Mohota,N"]
[Result "1-0"]
[WhiteElo "2180"]
[BlackElo "2257"]
[EventDate "2002.03.17"]

1. e4 d5 2. exd5 Qxd5 3. Nc3 Qa5 4. d4 Nf6 5. Nf3 Bf5 6. Bc4 c6 7. O-O e6
8. Bf4 Nd5 9. Nxd5 cxd5 10. Bd3 Bxd3 11. Qxd3 Be7 12. c3 Nc6 13. Ne5 Rc8
14. Qg3 g5 15. Nxc6 bxc6 16. Bd6 Bxd6 17. Qxd6 Qc7 18. Qxc7 Rxc7 19. f4
gxf4 20. Rxf4 c5 21. dxc5 Rxc5 22. Ra4 Rc7 23. c4 d4 24. c5 e5 25. Re1 Rxc5
26. Rxd4 f6 27. Ra4 Rc7 28. Ra6 O-O 29. b4 Kg7 30. Rf1 Rff7 31. g3 Rc4 32.
b5 Rb4 33. a4 e4 34. Kf2 Re7 35. Re1 Kg6 36. Re2 Kf5 37. Ra2 Rc7 38. Ra5
Ke6 39. g4 Rg7 40. h3 h5 41. gxh5 Rb3 42. Re2 f5 43. h6 Rf3+ 44. Ke1 Rh7
45. h4 Rh3 46. Rg2 Kf6 47. Ra6+ Ke5 48. Rg7 Rh8 49. h7 Rxh4 50. Raxa7 Kf4
51. Raf7 e3 52. b6 Rd8 53. Rd7 Kf3 54. Rg3+ Kxg3 55. Rxd8 Rxh7 56. Ke2 Kf4
57. Rd4+ Ke5 58. Rb4 f4 59. b7 Rh2+ 60. Kd3 Rd2+ 61. Kc3 Rd8 62. b8=Q+ Rxb8
63. Rxb8 Ke4 64. Re8+ Kf3 65. a5 Kf2 66. a6 f3 67. a7 e2 68. a8=Q e1=Q+ 69.
Rxe1 Kxe1 70. Kd3 Kf2 71. Qa2+ Kg1 72. Ke3 f2 73. Qxf2+ Kh1 74. Qe2 1-0

[Event "13th Goodricke"]
[Site "Calcutta IND"]
[Date "2002.03.27"]
[Round "11"]
[White "Konguvel,P"]
[Black "Ghader Pour,S"]
[Result "1-0"]
[WhiteElo "2404"]
[BlackElo "2055"]
[EventDate "2002.03.17"]

1. e4 c5 2. Nf3 d6 3. d4 cxd4 4. Nxd4 Nf6 5. Nc3 a6 6. Bc4 e6 7. Bb3 Nbd7
8. f4 Nc5 9. Qf3 Be7 10. f5 O-O 11. O-O Qc7 12. g4 Nxb3 13. cxb3 Ne8 14. g5
Qc5 15. Qf2 d5 16. Be3 Qd6 17. e5 Qd7 18. f6 Bd8 19. Qh4 gxf6 20. gxf6 Bxf6
21. exf6 e5 22. Nf5 d4 23. Ne4 dxe3 24. Qg5+ Kh8 25. Qg7+ Nxg7 26. fxg7+
Kg8 27. Nf6+ 1-0